00552nam a22001697a 450000500170000001000150001702000260003203500140005803700190007203700090009108200160010010000310011624501160014726000340026327000640029730000210036120241224123844.0 aENG-142288 c400.00a9789393734938 aEN-125820 bExceller Books bDBAD a364.1680954 aAwaf, Abdul-Karim Mohammed aRising from the Ashes:b A Fight Against Corruption/cby Abdul-Karim Mohammed Awaf [and] Alidu (J-Aakia) Bayana aKolkatabExceller Booksc2024 aG1 Dream Apartment, Degree College Roadb Belgharia,Kolkata a206p. c21cm(pb)